Urban poverty in India : (Record no. 30792)

MARC details
000 -LEADER
fixed length control field 00825nam a22002177a 4500
005 - DATE AND TIME OF LATEST TRANSACTION
control field 20091005152720.0
008 - FIXED-LENGTH DATA ELEMENTS--GENERAL INFORMATION
fixed length control field 091005t xxu||||| |||| 00| 0 eng d
010 ## - LCCN (DPL NO)
LC control number ENG-95074
020 ## - INTERNATIONAL STANDARD BOOK NUMBER
International Standard Book Number 9788190833769
Terms of availability 100.00
035 ## - SYSTEM CONTROL NUMBER
System control number EN-78607
037 ## - SOURCE OF ACQUISITION
Source of stock number/acquisition DBAD/PUB
082 ## - DEWEY DECIMAL CLASSIFICATION NUMBER
Classification number 362.5
100 ## - MAIN ENTRY--PERSONAL NAME
Personal name Kripalini C.K.
245 ## - TITLE STATEMENT
Title Urban poverty in India :
Remainder of title case study of Chennai city
Statement of responsibility, etc C.K. Kripalini
260 ## - PUBLICATION, DISTRIBUTION, ETC. (IMPRINT)
Place of publication, distribution, etc Chennai
Name of publisher, distributor, etc K. V. Publication
Date of publication, distribution, etc 2008
270 ## - ADDRESS
Address No.102,Dharga Road, Zamin Pallavaram
City Chennai
Postal code 43
300 ## - PHYSICAL DESCRIPTION
Extent 106p.
Dimensions 20cm.(pbk)
500 ## - GENERAL NOTE
General note It includes bibliographical references
942 ## - ADDED ENTRY ELEMENTS (KOHA)
Source of classification or shelving scheme Dewey Decimal Classification
Item type English Books
Call number suffix KRI
Classification part 362.5
Holdings
Withdrawn status Lost status Source of classification or shelving scheme Damaged status Not for loan Collection code Home library Current library Date acquired Source of acquisition Cost, normal purchase price Total Checkouts Full call number Barcode Date last seen Copy number Cost, replacement price Koha item type
    Dewey Decimal Classification   Not For Loan Non-fiction D.B.Act.Division D.B.Act.Division 30/09/2009 DBAD / PUB 100.00   362.5 KRI EN-78607 05/10/2009 1 100.00 English Books

© Delhi Public Library
Hit Counter
free hit counter